|
|
|
|
| LEADER |
00620cam a2200169 7i4500 |
| 001 |
0000019495 |
| 005 |
20070627090000.0 |
| 090 |
0 |
0 |
|a M 338.9
|b BAN
|
| 110 |
1 |
0 |
|a Bank Negara Malaysia
|
| 245 |
0 |
0 |
|a Rangka tindakan pembangunan PKS Kebangsaan =
|l National SME Development Blueprint :
|b 2007.
|
| 260 |
0 |
0 |
|a Kuala Lumpur:
|b Bank Negara Malaysia,
|c 2007.
|
| 300 |
# |
# |
|a [v.p].
|
| 650 |
0 |
0 |
|a Malaysia --
|x Economic development
|
| 650 |
0 |
0 |
|a Small and medium enterprises --
|z Malaysia
|
| 651 |
0 |
0 |
|a Malaysia
|
| 999 |
|
|
|a 0000020284
|b Book
|c Malaysia
|e Business Information Centre
|
| 999 |
|
|
|a 0000020283
|b Book
|c Malaysia
|e Business Information Centre
|